000
00300nam a22001337a 4500
008
190129b xxu||||| |||| 00| 0 eng d
020
_a
9780495189787
041
_a
eng
080
_2
3rd
_a
316
100
_a
50
101
_a
SOC
245
_a
Culturally Competent Practice
_c
Lum,D
942
_2
udc
_c
BK
999
_c
53850
_d
53850